|
|
|
|
| LEADER |
00000nab a2200000 ar4500 |
| 001 |
vtls010499517 |
| 003 |
SK-MaSNL |
| 005 |
20260305040500.0 |
| 008 |
130325c2012 xo r|p|||||||000 b|slo |
| 038 |
|
|
|a RVGKPD
|
| 040 |
|
|
|a RVGKPD
|b slo
|c RVGKPD
|e AACR2
|
| 041 |
|
|
|a slo
|
| 044 |
|
|
|a xo
|c SK
|
| 080 |
|
|
|a 904
|x (437.6)
|2 1997
|
| 100 |
1 |
|
|a Kolesárová, Gabriela
|4 aut
|9 444210
|
| 245 |
1 |
0 |
|a Náučný chodník Čučma II.
|c Gabriela Kolesárová
|
| 300 |
|
|
|b Fotogr.
|
| 610 |
2 |
7 |
|a Slovenská železná cesta (projekt)
|2 rvgkpd
|9 827447
|
| 650 |
0 |
7 |
|a náučné chodníky
|2 rvgkpd
|9 4212
|
| 651 |
|
7 |
|a Čučma (Slovensko)
|2 rvgkpd
|9 168850
|
| 651 |
|
7 |
|a Rožňava (Slovensko : okres)
|2 rvgkpd
|9 19215
|
| 773 |
0 |
|
|t Múzejné noviny
|g (december 2012), s. 3, 7
|
| 852 |
|
|
|a RVGKPD
|b KIS3G
|
| 992 |
|
|
|a RBX
|
| 999 |
|
|
|c 3338627
|d 3340557
|